Statistics for First 30 Elements Periodic Table

Click here to take the quiz!

General Stats

  • This quiz has been taken 28,863 times
  • The average score is 25 of 30

Answer Stats

Atomic No.SymbolAnswer% Correct
2HeHelium
99%
1HHydrogen
99%
3LiLithium
98%
6CCarbon
94%
7NNitrogen
94%
8OOxygen
94%
5BBoron
92%
12MgMagnesium
91%
10NeNeon
89%
11NaSodium
89%
4BeBeryllium
88%
14SiSilicon
85%
18ArArgon
84%
17ClChlorine
84%
9FFluorine
84%
19KPotassium
84%
30ZnZinc
84%
20CaCalcium
83%
26FeIron
81%
15PPhosphorus
80%
29CuCopper
79%
22TiTitanium
79%
16SSulfur
78%
27CoCobalt
77%
28NiNickel
77%
13AlAluminium
76%
25MnManganese
74%
21ScScandium
72%
24CrChromium
71%
23VVanadium
70%

Score Distribution

Percentile by Number Answered

Percent of People with Each Score

Your Score History

You have not taken this quiz